Statistics for Andeby-figurer på andre sprog

Click here to take the quiz!

General Stats

  • This quiz has been taken 40 times
  • The average score is 4 of 20

Answer Stats

LedetrådSvar% Correct
Black Pete (engelsk)Sorteper
91%
Donald Dak (azeri)Anders And
79%
Mårten Gås (svensk)Fætter Guf
41%
Gustav Gans (tysk)Fætter Højben
32%
Långben (svensk)Fedtmule
29%
Dagobert Duck (tysk)Joakim von And
26%
Mummo Ankka (finsk)Bedstemor And
24%
Clarabelle (spansk)Nora Malkeko
18%
John D. Rockerduck (engelsk)Andy Anderbilt
12%
Brat'ya Gavs (russisk)Bjørnebanden
12%
Hulda Trøllont (færøsk)Hexia de Trick
12%
Rotor McKvakk (norsk)Max Motor
12%
Tipp og Topp (norsk)Mik og Mak
12%
Eabqarinu (arabisk)Georg Gearløs
9%
Topolino (italiensk)Mickey Mouse
9%
Professor Ludovico (portugisisk)Raptus von And
6%
Popop (fransk)Fætter Vims
3%
Złotka O’Gilt (polsk)Gyldne Gulda
0%
Karel Kuda (indonesisk)Klaus Krikke
0%
Mini Laoshu (kinesisk)Minne Mouse
0%

Score Distribution

Percentile by Number Answered

Percent of People with Each Score

Your Score History

You have not taken this quiz